| 000 | 00691nam a2200217 a 4500 | ||
|---|---|---|---|
| 005 | 20210223130435.0 | ||
| 008 | 080507s2006 mx r 000 0 spa d | ||
| 020 | _a8496483401 | ||
| 035 | _aUPN01000155790 | ||
| 049 | _aCG | ||
| 050 | 4 |
_aPL8011 A6.6 _bE5.4 |
|
| 100 | 1 | _aAssarid, Moussa Ag | |
| 245 | 1 | 0 |
_aEn el desierto no hay atascos / _cMoussa Ag Assarid ; tr. Alberto de Satrústegui. |
| 260 |
_aBarcelona, Esp. : _bSirpus, _cc2006. |
||
| 300 | _a187 p. | ||
| 440 | 0 | _aTravesías | |
| 500 | _aSubtítulo de la cuebierta: Un tuareg en la ciudad | ||
| 534 |
_pTítulo original: _tY a pas d'embouteíllage dans le désert ! |
||
| 650 | 4 |
_aTUAREG - _vNOVELA _911167 |
|
| 905 | _aLibro | ||
| 999 |
_c127904 _d127904 |
||